[Event "April 9 Early 2024"]
[Site "Chess.com"]
[Date "2024.04.09"]
[Round "11"]
[White "Skiadopoulos, Nikolaos"]
[Black "Toktomushev, Teimur"]
[Result "0-1"]
[Board "113"]
[WhiteFideId "4200772"]
[BlackFideId "14176726"]
[WhiteTitle "CM"]
[BlackTitle "FM"]
[WhiteElo "1939"]
[BlackElo "2522"]
[WhiteTeam "GRE"]
[BlackTeam "SUI"]
[WhiteClock "0:01:31"]
[BlackClock "0:00:38"]
[Variant "Standard"]

1. b4 {[%clk 0:02:59]}  e5 {[%clk 0:02:59]} 2. Bb2 {[%clk 0:02:58]}  Bxb4 {[%clk 0:02:59]} 3. Bxe5 {[%clk 0:02:57]}  Nf6 {[%clk 0:03:00]} 4. a3 {[%clk 0:02:57]}  Be7 {[%clk 0:03:00]} 5. Nf3 {[%clk 0:02:54]}  O-O {[%clk 0:02:59]} 6. c4 {[%clk 0:02:53]}  d5 {[%clk 0:02:58]} 7. cxd5 {[%clk 0:02:53]}  Nxd5 {[%clk 0:02:58]} 8. e3 {[%clk 0:02:47]}  Nc6 {[%clk 0:02:49]} 9. Bb2 {[%clk 0:02:42]}  Bf6 {[%clk 0:02:49]} 10. Bxf6 {[%clk 0:02:40]}  Qxf6 {[%clk 0:02:49]} 11. d4 {[%clk 0:02:40]}  Na5 {[%clk 0:02:14]} 12. Bd3 {[%clk 0:02:36]}  c5 {[%clk 0:02:12]} 13. O-O {[%clk 0:02:33]}  Nc6 {[%clk 0:01:47]} 14. Qb3 {[%clk 0:02:12]}  Nb6 {[%clk 0:01:16]} 15. dxc5 {[%clk 0:02:10]}  Qxa1 {[%clk 0:00:53]} 16. cxb6 {[%clk 0:01:55]}  Be6 {[%clk 0:00:49]} 17. Bc4 {[%clk 0:01:48]}  Na5 {[%clk 0:00:45]} 18. Qa2 {[%clk 0:01:46]}  Qxa2 {[%clk 0:00:39]} 19. Bxa2 {[%clk 0:01:45]}  Bxa2 {[%clk 0:00:40]} 20. Nc3 {[%clk 0:01:45]}  Be6 {[%clk 0:00:40]} 21. bxa7 {[%clk 0:01:42]}  Nc6 {[%clk 0:00:38]} 22. Nb5 {[%clk 0:01:38]}  Nxa7 {[%clk 0:00:38]} 23. Nc7 {[%clk 0:01:35]}  Rac8 {[%clk 0:00:38]} 24. Nxe6 {[%clk 0:01:35]}  fxe6 {[%clk 0:00:39]} 25. Nd4 {[%clk 0:01:31]}  e5 {[%clk 0:00:38]} 0-1

[Event "April 9 Early 2024"]
[Site "Chess.com"]
[Date "2024.04.09"]
[Round "11"]
[White "Herman, Daniel"]
[Black "Yagupov, Igor"]
[Result "0-1"]
[Board "114"]
[WhiteFideId "30935008"]
[BlackFideId "4113632"]
[BlackTitle "GM"]
[WhiteElo "2440"]
[BlackElo "2570"]
[WhiteTeam "USA"]
[BlackTeam "RUS"]
[WhiteClock "0:00:01"]
[BlackClock "0:00:57"]
[Variant "Standard"]

1. c4 {[%clk 0:03:00]}  c6 {[%clk 0:02:57]} 2. d4 {[%clk 0:03:00]}  d5 {[%clk 0:02:58]} 3. cxd5 {[%clk 0:03:00]}  cxd5 {[%clk 0:02:57]} 4. Bg5 {[%clk 0:03:01]}  Nc6 {[%clk 0:02:56]} 5. Nc3 {[%clk 0:03:00]}  h6 {[%clk 0:02:55]} 6. Bh4 {[%clk 0:03:00]}  Nf6 {[%clk 0:02:42]} 7. Bxf6 {[%clk 0:02:59]}  exf6 {[%clk 0:02:42]} 8. e3 {[%clk 0:03:00]}  Bb4 {[%clk 0:02:41]} 9. Ne2 {[%clk 0:02:59]}  O-O {[%clk 0:02:40]} 10. g3 {[%clk 0:02:58]}  Bg4 {[%clk 0:02:33]} 11. Bg2 {[%clk 0:02:55]}  Bxc3+ {[%clk 0:02:33]} 12. bxc3 {[%clk 0:02:56]}  Qd7 {[%clk 0:02:32]} 13. O-O {[%clk 0:02:50]}  Bh3 {[%clk 0:02:24]} 14. Bxh3 {[%clk 0:02:47]}  Qxh3 {[%clk 0:02:25]} 15. Nf4 {[%clk 0:02:47]}  Qd7 {[%clk 0:02:25]} 16. Qf3 {[%clk 0:02:45]}  Rfd8 {[%clk 0:02:24]} 17. Rab1 {[%clk 0:02:43]}  Na5 {[%clk 0:02:23]} 18. Rb4 {[%clk 0:02:29]}  Rac8 {[%clk 0:02:21]} 19. Rfb1 {[%clk 0:02:20]}  Rxc3 {[%clk 0:02:11]} 20. Rb5 {[%clk 0:02:19]}  Rc1+ {[%clk 0:02:11]} 21. Rxc1 {[%clk 0:02:19]}  Qxb5 {[%clk 0:02:11]} 22. Rc5 {[%clk 0:02:03]}  Qb1+ {[%clk 0:02:11]} 23. Kg2 {[%clk 0:02:04]}  Qxa2 {[%clk 0:02:11]} 24. Rxd5 {[%clk 0:01:49]}  Rxd5 {[%clk 0:02:08]} 25. Nxd5 {[%clk 0:01:50]}  Nc6 {[%clk 0:02:02]} 26. Qe4 {[%clk 0:01:33]}  Qa3 {[%clk 0:01:51]} 27. Qe8+ {[%clk 0:01:27]}  Qf8 {[%clk 0:01:52]} 28. Qd7 {[%clk 0:01:28]}  Qb8 {[%clk 0:01:48]} 29. Nc3 {[%clk 0:01:00]}  a5 {[%clk 0:01:41]} 30. d5 {[%clk 0:00:56]}  Ne5 {[%clk 0:01:40]} 31. Qe7 {[%clk 0:00:53]}  Qc8 {[%clk 0:01:35]} 32. Nb5 {[%clk 0:00:47]}  Qd7 {[%clk 0:01:32]} 33. Qxd7 {[%clk 0:00:29]}  Nxd7 {[%clk 0:01:33]} 34. Kf1 {[%clk 0:00:29]}  f5 {[%clk 0:01:24]} 35. Ke2 {[%clk 0:00:29]}  Nb6 {[%clk 0:01:25]} 36. d6 {[%clk 0:00:24]}  Kf8 {[%clk 0:01:25]} 37. Kd3 {[%clk 0:00:23]}  Ke8 {[%clk 0:01:24]} 38. Kd4 {[%clk 0:00:23]}  Kd7 {[%clk 0:01:24]} 39. Kc5 {[%clk 0:00:22]}  Na4+ {[%clk 0:01:22]} 40. Kd4 {[%clk 0:00:16]}  f6 {[%clk 0:01:14]} 41. Kd5 {[%clk 0:00:11]}  Nb6+ {[%clk 0:01:13]} 42. Kc5 {[%clk 0:00:11]}  Nc8 {[%clk 0:01:12]} 43. h4 {[%clk 0:00:08]}  h5 {[%clk 0:01:11]} 44. f4 {[%clk 0:00:06]}  a4 {[%clk 0:01:10]} 45. Kd5 {[%clk 0:00:04]}  b6 {[%clk 0:00:58]} 46. Kc4 {[%clk 0:00:01]}  Nxd6+ {[%clk 0:00:57]} 0-1

[Event "April 9 Early 2024"]
[Site "Chess.com"]
[Date "2024.04.09"]
[Round "11"]
[White "Rabiega, Robert"]
[Black "Shishkov, Andrei"]
[Result "1-0"]
[Board "117"]
[WhiteFideId "4601475"]
[BlackFideId "4500563"]
[WhiteTitle "GM"]
[BlackTitle "IM"]
[WhiteElo "2501"]
[BlackElo "2420"]
[WhiteTeam "GER"]
[BlackTeam "EST"]
[WhiteClock "0:01:33"]
[BlackClock "0:00:06"]
[Variant "Standard"]

1. d4 {[%clk 0:02:57]}  d5 {[%clk 0:02:59]} 2. c4 {[%clk 0:02:57]}  Bf5 {[%clk 0:02:59]} 3. cxd5 {[%clk 0:02:56]}  Bxb1 {[%clk 0:02:59]} 4. Qa4+ {[%clk 0:02:56]}  c6 {[%clk 0:02:59]} 5. dxc6 {[%clk 0:02:57]}  Nxc6 {[%clk 0:03:00]} 6. Rxb1 {[%clk 0:02:57]}  Qxd4 {[%clk 0:03:00]} 7. Qxd4 {[%clk 0:02:43]}  Nxd4 {[%clk 0:03:01]} 8. e3 {[%clk 0:02:44]}  Nc6 {[%clk 0:03:00]} 9. Bb5 {[%clk 0:02:35]}  Rc8 {[%clk 0:03:00]} 10. Nf3 {[%clk 0:02:33]}  a6 {[%clk 0:03:00]} 11. Ba4 {[%clk 0:02:34]}  e6 {[%clk 0:02:54]} 12. Ke2 {[%clk 0:02:29]}  Bd6 {[%clk 0:02:38]} 13. Rd1 {[%clk 0:02:26]}  Ke7 {[%clk 0:02:35]} 14. a3 {[%clk 0:02:22]}  Nf6 {[%clk 0:02:27]} 15. Bd2 {[%clk 0:02:20]}  Rhd8 {[%clk 0:02:13]} 16. Be1 {[%clk 0:02:19]}  b5 {[%clk 0:01:43]} 17. Bb3 {[%clk 0:02:14]}  Ne4 {[%clk 0:01:19]} 18. Rbc1 {[%clk 0:02:12]}  h6 {[%clk 0:01:07]} 19. h4 {[%clk 0:02:04]}  Nc5 {[%clk 0:00:52]} 20. Bc2 {[%clk 0:01:48]}  f5 {[%clk 0:00:11]} 21. Bb1 {[%clk 0:01:44]}  Ne4 {[%clk 0:00:09]} 22. Ba2 {[%clk 0:01:36]}  Bb8 {[%clk 0:00:07]} 23. Rxd8 {[%clk 0:01:33]}  Nxd8 {[%clk 0:00:06]} 24. Rxc8 {[%clk 0:01:33]} 1-0

[Event "April 9 Early 2024"]
[Site "Chess.com"]
[Date "2024.04.09"]
[Round "11"]
[White "Hnatyshyn, Anastasiia"]
[Black "Hoffmann, Asa"]
[Result "1-0"]
[Board "119"]
[WhiteFideId "14198339"]
[BlackFideId "2001470"]
[WhiteTitle "WFM"]
[BlackTitle "FM"]
[WhiteElo "2462"]
[BlackElo "2344"]
[WhiteTeam "UKR"]
[BlackTeam "USA"]
[WhiteClock "0:00:05"]
[BlackClock "0:00:00"]
[Variant "Standard"]

1. Nc3 {[%clk 0:03:00]}  d6 {[%clk 0:02:42]} 2. d4 {[%clk 0:03:00]}  c6 {[%clk 0:02:38]} 3. e4 {[%clk 0:03:00]}  a6 {[%clk 0:02:37]} 4. f4 {[%clk 0:02:59]}  d5 {[%clk 0:02:37]} 5. e5 {[%clk 0:02:59]}  h5 {[%clk 0:02:36]} 6. Nf3 {[%clk 0:02:59]}  Bg4 {[%clk 0:02:33]} 7. h3 {[%clk 0:02:57]}  Bxf3 {[%clk 0:02:33]} 8. Qxf3 {[%clk 0:02:57]}  e6 {[%clk 0:02:33]} 9. Bd3 {[%clk 0:02:57]}  g6 {[%clk 0:02:33]} 10. Ne2 {[%clk 0:02:57]}  c5 {[%clk 0:02:32]} 11. c3 {[%clk 0:02:57]}  Nc6 {[%clk 0:02:32]} 12. O-O {[%clk 0:02:56]}  Qb6 {[%clk 0:02:30]} 13. Be3 {[%clk 0:02:55]}  Nh6 {[%clk 0:02:26]} 14. a3 {[%clk 0:02:53]}  c4 {[%clk 0:02:24]} 15. Bc2 {[%clk 0:02:47]}  Qxb2 {[%clk 0:02:21]} 16. Ba4 {[%clk 0:02:47]}  Qb6 {[%clk 0:02:18]} 17. Rfb1 {[%clk 0:02:45]}  Qc7 {[%clk 0:02:18]} 18. Bf2 {[%clk 0:02:43]}  b5 {[%clk 0:02:13]} 19. Bc2 {[%clk 0:02:41]}  Nf5 {[%clk 0:02:12]} 20. Ng3 {[%clk 0:02:29]}  Be7 {[%clk 0:02:11]} 21. Bxf5 {[%clk 0:02:26]}  gxf5 {[%clk 0:02:08]} 22. Nxh5 {[%clk 0:02:26]}  Kd7 {[%clk 0:02:00]} 23. Ng3 {[%clk 0:02:23]}  Rag8 {[%clk 0:01:46]} 24. Kf1 {[%clk 0:02:23]}  Bh4 {[%clk 0:01:42]} 25. Nh5 {[%clk 0:02:07]}  Be7 {[%clk 0:01:39]} 26. Ng3 {[%clk 0:02:06]}  Qa5 {[%clk 0:01:38]} 27. Be1 {[%clk 0:01:57]}  Qa4 {[%clk 0:01:36]} 28. Ra2 {[%clk 0:01:49]}  Na5 {[%clk 0:01:35]} 29. Nxf5 {[%clk 0:01:48]}  exf5 {[%clk 0:01:26]} 30. Qxd5+ {[%clk 0:01:47]}  Ke8 {[%clk 0:01:26]} 31. Qa8+ {[%clk 0:01:42]}  Bd8 {[%clk 0:01:19]} 32. Qxa6 {[%clk 0:01:38]}  Nb3 {[%clk 0:01:16]} 33. Qc6+ {[%clk 0:01:37]}  Kf8 {[%clk 0:01:16]} 34. Qd7 {[%clk 0:01:24]}  Qa8 {[%clk 0:01:09]} 35. d5 {[%clk 0:01:13]}  Rh6 {[%clk 0:00:57]} 36. Rd1 {[%clk 0:00:59]}  Rhg6 {[%clk 0:00:57]} 37. Qxb5 {[%clk 0:00:48]}  Bb6 {[%clk 0:00:53]} 38. Qxc4 {[%clk 0:00:32]}  Na5 {[%clk 0:00:52]} 39. Qb4+ {[%clk 0:00:27]}  Kg7 {[%clk 0:00:49]} 40. c4 {[%clk 0:00:26]}  Be3 {[%clk 0:00:45]} 41. Qxa5 {[%clk 0:00:23]}  Qb8 {[%clk 0:00:35]} 42. Qb4 {[%clk 0:00:11]}  Rb6 {[%clk 0:00:34]} 43. Qc3 {[%clk 0:00:09]}  Bxf4 {[%clk 0:00:33]} 44. Bg3 {[%clk 0:00:08]}  Bxg3 {[%clk 0:00:31]} 45. Qxg3+ {[%clk 0:00:08]}  Kf8 {[%clk 0:00:32]} 46. Qf4 {[%clk 0:00:08]}  Rb1 {[%clk 0:00:30]} 47. Rd2 {[%clk 0:00:07]}  Qb3 {[%clk 0:00:25]} 48. Qf3 {[%clk 0:00:03]}  Qxc4+ {[%clk 0:00:23]} 49. Kg1 {[%clk 0:00:03]}  Rxd1+ {[%clk 0:00:21]} 50. Rxd1 {[%clk 0:00:03]}  f4 {[%clk 0:00:19]} 51. d6 {[%clk 0:00:03]}  Qc5+ {[%clk 0:00:18]} 52. Kh1 {[%clk 0:00:03]}  Qxe5 {[%clk 0:00:18]} 53. d7 {[%clk 0:00:04]}  Ke7 {[%clk 0:00:18]} 54. Qb7 {[%clk 0:00:02]}  Rd8 {[%clk 0:00:17]} 55. Qb4+ {[%clk 0:00:02]}  Kf6 {[%clk 0:00:16]} 56. Rd6+ {[%clk 0:00:02]}  Kf5 {[%clk 0:00:15]} 57. Qb1+ {[%clk 0:00:02]}  Kg5 {[%clk 0:00:15]} 58. Qd3 {[%clk 0:00:02]}  Qf5 {[%clk 0:00:12]} 59. Qxf5+ {[%clk 0:00:01]}  Kxf5 {[%clk 0:00:12]} 60. a4 {[%clk 0:00:02]}  Ke5 {[%clk 0:00:11]} 61. Rd1 {[%clk 0:00:03]}  f5 {[%clk 0:00:10]} 62. Kg1 {[%clk 0:00:03]}  f3 {[%clk 0:00:10]} 63. gxf3 {[%clk 0:00:03]}  Kf4 {[%clk 0:00:10]} 64. Kf2 {[%clk 0:00:03]}  Ke5 {[%clk 0:00:09]} 65. a5 {[%clk 0:00:04]}  Ke6 {[%clk 0:00:08]} 66. a6 {[%clk 0:00:04]}  Ke7 {[%clk 0:00:08]} 67. a7 {[%clk 0:00:04]}  Ra8 {[%clk 0:00:08]} 68. d8=Q+ {[%clk 0:00:04]}  Rxd8 {[%clk 0:00:07]} 69. Rxd8 {[%clk 0:00:04]}  Kxd8 {[%clk 0:00:00]} 70. a8=Q+ {[%clk 0:00:05]} 1-0

[Event "April 9 Early 2024"]
[Site "Chess.com"]
[Date "2024.04.09"]
[Round "11"]
[White "Wu, Derek"]
[Black "Tang, Zoey"]
[Result "1-0"]
[Board "122"]
[WhiteFideId "30914558"]
[BlackFideId "30952530"]
[WhiteTitle "FM"]
[BlackTitle "FM"]
[WhiteElo "2628"]
[BlackElo "2422"]
[WhiteTeam "USA"]
[BlackTeam "USA"]
[WhiteClock "0:00:44"]
[BlackClock "0:00:01"]
[Variant "Standard"]

1. c4 {[%clk 0:03:00]}  e6 {[%clk 0:02:58]} 2. Nc3 {[%clk 0:02:59]}  d5 {[%clk 0:02:58]} 3. d4 {[%clk 0:02:58]}  Nf6 {[%clk 0:02:54]} 4. Nf3 {[%clk 0:02:57]}  Be7 {[%clk 0:02:48]} 5. Bg5 {[%clk 0:02:56]}  O-O {[%clk 0:02:47]} 6. e3 {[%clk 0:02:56]}  h6 {[%clk 0:02:41]} 7. Bh4 {[%clk 0:02:56]}  b6 {[%clk 0:02:28]} 8. Be2 {[%clk 0:02:54]}  dxc4 {[%clk 0:02:27]} 9. O-O {[%clk 0:02:45]}  Bb7 {[%clk 0:02:27]} 10. Bxc4 {[%clk 0:02:45]}  Nbd7 {[%clk 0:02:24]} 11. Qe2 {[%clk 0:02:44]}  c5 {[%clk 0:02:24]} 12. Rfd1 {[%clk 0:02:33]}  Qc8 {[%clk 0:02:11]} 13. Rac1 {[%clk 0:02:22]}  a6 {[%clk 0:02:07]} 14. dxc5 {[%clk 0:02:20]}  bxc5 {[%clk 0:02:01]} 15. Bb3 {[%clk 0:02:07]}  Nb6 {[%clk 0:01:46]} 16. Na4 {[%clk 0:01:58]}  Nxa4 {[%clk 0:01:40]} 17. Bxa4 {[%clk 0:01:58]}  Bd5 {[%clk 0:01:35]} 18. Ne5 {[%clk 0:01:52]}  Rd8 {[%clk 0:01:27]} 19. e4 {[%clk 0:01:50]}  Bb7 {[%clk 0:01:12]} 20. Nc4 {[%clk 0:01:47]}  Qb8 {[%clk 0:00:48]} 21. Bg3 {[%clk 0:01:23]}  Qa7 {[%clk 0:00:45]} 22. f3 {[%clk 0:01:22]}  Rac8 {[%clk 0:00:39]} 23. Rxd8+ {[%clk 0:01:18]}  Rxd8 {[%clk 0:00:30]} 24. Bc7 {[%clk 0:01:16]}  Rd4 {[%clk 0:00:26]} 25. Be5 {[%clk 0:01:11]}  Rd8 {[%clk 0:00:25]} 26. Rd1 {[%clk 0:01:07]}  Qa8 {[%clk 0:00:19]} 27. Nb6 {[%clk 0:01:04]}  Rxd1+ {[%clk 0:00:19]} 28. Qxd1 {[%clk 0:01:05]}  Qd8 {[%clk 0:00:19]} 29. Qb3 {[%clk 0:00:57]}  c4 {[%clk 0:00:16]} 30. Nxc4 {[%clk 0:00:58]}  Bc5+ {[%clk 0:00:15]} 31. Kf1 {[%clk 0:00:58]}  Ba8 {[%clk 0:00:12]} 32. Qb8 {[%clk 0:00:55]}  Qxb8 {[%clk 0:00:10]} 33. Bxb8 {[%clk 0:00:56]}  Kf8 {[%clk 0:00:09]} 34. Be5 {[%clk 0:00:54]}  Ke7 {[%clk 0:00:09]} 35. Ke2 {[%clk 0:00:49]}  g5 {[%clk 0:00:09]} 36. a3 {[%clk 0:00:47]}  g4 {[%clk 0:00:09]} 37. b4 {[%clk 0:00:47]}  gxf3+ {[%clk 0:00:08]} 38. gxf3 {[%clk 0:00:47]}  Ba7 {[%clk 0:00:09]} 39. Nd6 {[%clk 0:00:44]}  Bb6 {[%clk 0:00:01]} 40. Nc8+ {[%clk 0:00:44]} 1-0

[Event "April 9 Early 2024"]
[Site "Chess.com"]
[Date "2024.04.09"]
[Round "11"]
[White "Iskusnyh, Sergei"]
[Black "Novak, Ratko"]
[Result "1-0"]
[Board "123"]
[WhiteFideId "4120027"]
[BlackFideId "14511827"]
[WhiteTitle "GM"]
[BlackTitle "CM"]
[WhiteElo "2618"]
[BlackElo "2406"]
[WhiteTeam "RUS"]
[BlackTeam "CRO"]
[WhiteClock "0:01:35"]
[BlackClock "0:00:09"]
[Variant "Standard"]

1. d4 {[%clk 0:03:00]}  d5 {[%clk 0:02:52]} 2. c4 {[%clk 0:02:59]}  c5 {[%clk 0:02:52]} 3. cxd5 {[%clk 0:02:45]}  Qxd5 {[%clk 0:02:53]} 4. e3 {[%clk 0:02:42]}  cxd4 {[%clk 0:02:52]} 5. Nc3 {[%clk 0:02:41]}  Qa5 {[%clk 0:02:52]} 6. exd4 {[%clk 0:02:39]}  Nf6 {[%clk 0:02:51]} 7. Nf3 {[%clk 0:02:36]}  e6 {[%clk 0:02:51]} 8. Bd3 {[%clk 0:02:34]}  Bd6 {[%clk 0:02:50]} 9. O-O {[%clk 0:02:32]}  O-O {[%clk 0:02:50]} 10. Bg5 {[%clk 0:02:28]}  Nbd7 {[%clk 0:02:49]} 11. Qe2 {[%clk 0:02:26]}  Re8 {[%clk 0:02:48]} 12. Rad1 {[%clk 0:02:25]}  e5 {[%clk 0:02:45]} 13. Ne4 {[%clk 0:02:14]}  Nxe4 {[%clk 0:02:16]} 14. Qxe4 {[%clk 0:02:15]}  g6 {[%clk 0:02:16]} 15. Rfe1 {[%clk 0:02:08]}  f5 {[%clk 0:02:10]} 16. Bc4+ {[%clk 0:02:05]}  Kg7 {[%clk 0:02:10]} 17. Qh4 {[%clk 0:02:06]}  e4 {[%clk 0:01:53]} 18. Bh6+ {[%clk 0:01:45]}  Kh8 {[%clk 0:01:53]} 19. Ng5 {[%clk 0:01:44]}  Re7 {[%clk 0:01:36]} 20. Nf7+ {[%clk 0:01:42]}  Rxf7 {[%clk 0:01:36]} 21. Bxf7 {[%clk 0:01:41]}  Bc7 {[%clk 0:00:27]} 22. Bxg6 {[%clk 0:01:36]}  Bd8 {[%clk 0:00:17]} 23. Bg5 {[%clk 0:01:36]}  Bxg5 {[%clk 0:00:09]} 24. Qxh7# {[%clk 0:01:35]} 1-0

[Event "April 9 Early 2024"]
[Site "Chess.com"]
[Date "2024.04.09"]
[Round "11"]
[White "Jaiveer Mahendru"]
[Black "Osinovsky, Stepan"]
[Result "0-1"]
[Board "124"]
[WhiteFideId "25611151"]
[BlackFideId "4157354"]
[WhiteTitle "FM"]
[WhiteElo "2578"]
[BlackElo "2406"]
[WhiteTeam "IND"]
[BlackTeam "RUS"]
[WhiteClock "0:02:32"]
[BlackClock "0:01:58"]
[Variant "Standard"]

1. f4 {[%clk 0:03:00]}  e5 {[%clk 0:02:59]} 2. fxe5 {[%clk 0:02:58]}  d6 {[%clk 0:02:59]} 3. exd6 {[%clk 0:02:59]}  Bxd6 {[%clk 0:02:59]} 4. Nf3 {[%clk 0:03:00]}  g5 {[%clk 0:02:58]} 5. g3 {[%clk 0:03:00]}  g4 {[%clk 0:02:52]} 6. Nh4 {[%clk 0:02:59]}  Ne7 {[%clk 0:02:51]} 7. d3 {[%clk 0:02:59]}  Ng6 {[%clk 0:02:51]} 8. Ng2 {[%clk 0:02:58]}  b6 {[%clk 0:02:39]} 9. c3 {[%clk 0:02:58]}  Bb7 {[%clk 0:02:39]} 10. Kd2 {[%clk 0:02:58]}  h5 {[%clk 0:02:30]} 11. Rg1 {[%clk 0:02:54]}  Bc5 {[%clk 0:02:06]} 12. d4 {[%clk 0:02:50]}  Bxd4 {[%clk 0:02:04]} 13. cxd4 {[%clk 0:02:50]}  Qxd4+ {[%clk 0:02:04]} 14. Kc2 {[%clk 0:02:32]}  Be4+ {[%clk 0:01:58]} 0-1

[Event "April 9 Early 2024"]
[Site "Chess.com"]
[Date "2024.04.09"]
[Round "11"]
[White "Labussiere, Yago"]
[Black "Baches Garcia, Guillermo"]
[Result "0-1"]
[Board "126"]
[WhiteFideId "2186969"]
[BlackFideId "2209764"]
[BlackTitle "IM"]
[WhiteElo "2401"]
[BlackElo "2534"]
[WhiteTeam "BRA"]
[BlackTeam "ESP"]
[WhiteClock "0:00:03"]
[BlackClock "0:00:20"]
[Variant "Standard"]

1. c4 {[%clk 0:03:00]}  e6 {[%clk 0:02:59]} 2. g3 {[%clk 0:02:55]}  d5 {[%clk 0:02:59]} 3. Bg2 {[%clk 0:02:55]}  Nf6 {[%clk 0:02:59]} 4. Nf3 {[%clk 0:02:55]}  Bd6 {[%clk 0:02:59]} 5. O-O {[%clk 0:02:56]}  O-O {[%clk 0:02:58]} 6. b3 {[%clk 0:02:57]}  dxc4 {[%clk 0:02:58]} 7. bxc4 {[%clk 0:02:57]}  e5 {[%clk 0:02:59]} 8. Nc3 {[%clk 0:02:56]}  c6 {[%clk 0:02:58]} 9. d3 {[%clk 0:02:50]}  Re8 {[%clk 0:02:59]} 10. Bg5 {[%clk 0:02:50]}  Nbd7 {[%clk 0:02:55]} 11. Ne4 {[%clk 0:02:19]}  Bf8 {[%clk 0:02:51]} 12. Bh3 {[%clk 0:01:57]}  Be7 {[%clk 0:02:36]} 13. Bxf6 {[%clk 0:01:46]}  Bxf6 {[%clk 0:02:15]} 14. Nd6 {[%clk 0:01:18]}  Re7 {[%clk 0:02:14]} 15. Rb1 {[%clk 0:01:07]}  Qc7 {[%clk 0:01:55]} 16. Ne4 {[%clk 0:00:55]}  Nf8 {[%clk 0:01:38]} 17. Nxf6+ {[%clk 0:00:54]}  gxf6 {[%clk 0:01:37]} 18. Bxc8 {[%clk 0:00:55]}  Rxc8 {[%clk 0:01:38]} 19. Nd2 {[%clk 0:00:54]}  f5 {[%clk 0:01:36]} 20. Nb3 {[%clk 0:00:41]}  Ng6 {[%clk 0:01:32]} 21. Qc1 {[%clk 0:00:40]}  f4 {[%clk 0:01:29]} 22. Nd2 {[%clk 0:00:37]}  f5 {[%clk 0:01:26]} 23. c5 {[%clk 0:00:15]}  h5 {[%clk 0:01:13]} 24. Nc4 {[%clk 0:00:15]}  Rf8 {[%clk 0:01:04]} 25. Nd6 {[%clk 0:00:14]}  b6 {[%clk 0:01:02]} 26. Nc4 {[%clk 0:00:11]}  b5 {[%clk 0:00:59]} 27. Nd6 {[%clk 0:00:10]}  Kh7 {[%clk 0:00:59]} 28. a4 {[%clk 0:00:10]}  a6 {[%clk 0:00:57]} 29. Qc2 {[%clk 0:00:10]}  Rg7 {[%clk 0:00:54]} 30. Kh1 {[%clk 0:00:10]}  h4 {[%clk 0:00:50]} 31. Rg1 {[%clk 0:00:10]}  hxg3 {[%clk 0:00:49]} 32. f3 {[%clk 0:00:10]}  Nh4 {[%clk 0:00:45]} 33. h3 {[%clk 0:00:06]}  Rf6 {[%clk 0:00:38]} 34. d4 {[%clk 0:00:06]}  exd4 {[%clk 0:00:33]} 35. Rbd1 {[%clk 0:00:06]}  Qd7 {[%clk 0:00:31]} 36. Rxd4 {[%clk 0:00:06]}  Qe6 {[%clk 0:00:29]} 37. Rxf4 {[%clk 0:00:06]}  Rh6 {[%clk 0:00:28]} 38. Rxh4 {[%clk 0:00:04]}  Rxh4 {[%clk 0:00:28]} 39. Kg2 {[%clk 0:00:05]}  Re7 {[%clk 0:00:23]} 40. Re1 {[%clk 0:00:01]}  Rf4 {[%clk 0:00:22]} 41. Kxg3 {[%clk 0:00:01]}  Qe5 {[%clk 0:00:22]} 42. Kf2 {[%clk 0:00:01]}  Rg7 {[%clk 0:00:22]} 43. Kf1 {[%clk 0:00:02]}  Rd4 {[%clk 0:00:20]} 44. Qc1 {[%clk 0:00:03]}  Qg3 {[%clk 0:00:20]} 45. Qe3 {[%clk 0:00:03]}  Qg2# {[%clk 0:00:20]} 0-1

[Event "April 9 Early 2024"]
[Site "Chess.com"]
[Date "2024.04.09"]
[Round "11"]
[White "Belov, Alexei"]
[Black "Wueest, Andrin"]
[Result "0-1"]
[Board "127"]
[WhiteFideId "4128206"]
[BlackFideId "1300881"]
[WhiteTitle "IM"]
[BlackTitle "CM"]
[WhiteElo "2521"]
[BlackElo "2399"]
[WhiteTeam "RUS"]
[BlackTeam "SUI"]
[WhiteClock "0:00:07"]
[BlackClock "0:00:55"]
[Variant "Standard"]

1. e4 {[%clk 0:03:00]}  e6 {[%clk 0:02:59]} 2. d4 {[%clk 0:03:00]}  d5 {[%clk 0:03:00]} 3. Nd2 {[%clk 0:03:01]}  Nf6 {[%clk 0:02:59]} 4. e5 {[%clk 0:03:01]}  Nfd7 {[%clk 0:02:59]} 5. c3 {[%clk 0:03:01]}  c5 {[%clk 0:03:00]} 6. Bd3 {[%clk 0:03:01]}  Nc6 {[%clk 0:03:00]} 7. Ne2 {[%clk 0:03:02]}  c4 {[%clk 0:02:56]} 8. Bc2 {[%clk 0:02:57]}  b5 {[%clk 0:02:56]} 9. a3 {[%clk 0:02:52]}  g6 {[%clk 0:02:52]} 10. h4 {[%clk 0:02:51]}  h5 {[%clk 0:02:51]} 11. Nf3 {[%clk 0:02:47]}  Be7 {[%clk 0:02:50]} 12. Bg5 {[%clk 0:02:45]}  a5 {[%clk 0:02:49]} 13. Nf4 {[%clk 0:02:39]}  Nf8 {[%clk 0:02:47]} 14. Bxe7 {[%clk 0:02:27]}  Nxe7 {[%clk 0:02:46]} 15. Ng5 {[%clk 0:02:26]}  Nf5 {[%clk 0:02:43]} 16. Bxf5 {[%clk 0:02:14]}  exf5 {[%clk 0:02:38]} 17. O-O {[%clk 0:02:11]}  Be6 {[%clk 0:02:38]} 18. Qf3 {[%clk 0:01:57]}  Ra6 {[%clk 0:02:27]} 19. Rfb1 {[%clk 0:01:51]}  Nh7 {[%clk 0:02:25]} 20. Nxh7 {[%clk 0:01:39]}  Rxh7 {[%clk 0:02:24]} 21. b3 {[%clk 0:01:35]}  cxb3 {[%clk 0:02:14]} 22. Rxb3 {[%clk 0:01:35]}  Kf8 {[%clk 0:02:14]} 23. Rxb5 {[%clk 0:01:28]}  Kg7 {[%clk 0:01:55]} 24. g3 {[%clk 0:01:14]}  Rh8 {[%clk 0:01:49]} 25. Rab1 {[%clk 0:01:04]}  Qe7 {[%clk 0:01:31]} 26. Nxd5 {[%clk 0:00:46]}  Bxd5 {[%clk 0:01:29]} 27. Qxd5 {[%clk 0:00:45]}  Qxa3 {[%clk 0:01:29]} 28. Rb7 {[%clk 0:00:40]}  Rf8 {[%clk 0:01:18]} 29. e6 {[%clk 0:00:34]}  Qd6 {[%clk 0:01:17]} 30. Qxd6 {[%clk 0:00:26]}  Rxd6 {[%clk 0:01:18]} 31. e7 {[%clk 0:00:21]}  Re8 {[%clk 0:01:17]} 32. R1b5 {[%clk 0:00:21]}  Rc6 {[%clk 0:00:59]} 33. d5 {[%clk 0:00:19]}  Rxc3 {[%clk 0:00:59]} 34. d6 {[%clk 0:00:19]}  Rd3 {[%clk 0:00:59]} 35. d7 {[%clk 0:00:19]}  Rxe7 {[%clk 0:00:58]} 36. d8=Q {[%clk 0:00:19]}  Re1+ {[%clk 0:00:58]} 37. Kg2 {[%clk 0:00:19]}  Rxd8 {[%clk 0:00:59]} 38. Rxa5 {[%clk 0:00:19]}  Re2 {[%clk 0:00:56]} 39. Raa7 {[%clk 0:00:18]}  Rf8 {[%clk 0:00:56]} 40. Kf3 {[%clk 0:00:18]}  Re6 {[%clk 0:00:56]} 41. Rb3 {[%clk 0:00:17]}  Rf6 {[%clk 0:00:56]} 42. Re3 {[%clk 0:00:17]}  Rb8 {[%clk 0:00:56]} 43. Ra5 {[%clk 0:00:16]}  Rb4 {[%clk 0:00:56]} 44. Rd5 {[%clk 0:00:15]}  f4 {[%clk 0:00:56]} 45. Re4 {[%clk 0:00:07]}  fxg3+ {[%clk 0:00:55]} 0-1